Các nhà thơ cổ điển Việt nam tiểu luận (1950-1980) T. 1 Nguyễn Trãi. Nguyễn Du

Giới thiệu hai nhà thơ cổ điển Việt Nam: Nguyễn Trãi, Nguyễn Du và bình chú các bài thơ hay của hai ông

সংরক্ষণ করুন:
গ্রন্থ-পঞ্জীর বিবরন
প্রধান লেখক: Xuân Diệu
বিন্যাস: গ্রন্থ
ভাষা:Vietnamese
প্রকাশিত: H. Văn học 1981
মালা:Văn học hiện đại Việt Nam
বিষয়গুলি:
ট্যাগগুলো: ট্যাগ যুক্ত করুন
কোনো ট্যাগ নেই, প্রথমজন হিসাবে ট্যাগ করুন!
Thư viện lưu trữ: Mạng thư viện Đại học Đà Nẵng
LEADER 01481nam a2200397 4500
001 000005675
003 1821
005 20120416090414.0
008 110818s1981 viesd
020 |c 75000đ 
041 0 |a vie 
082 |a 895.9224  |b XU-D 
100 0 |a Xuân Diệu 
245 1 0 |a Các nhà thơ cổ điển Việt nam  |b tiểu luận (1950-1980)  |c Xuân Diệu; Nguyễn Trãi; Nguyễn Du  |n T. 1  |p Nguyễn Trãi. Nguyễn Du 
260 |a H.  |b Văn học  |c 1981 
300 |a 325 tr.  |c 19 cm. 
490 |a Văn học hiện đại Việt Nam 
520 |a Giới thiệu hai nhà thơ cổ điển Việt Nam: Nguyễn Trãi, Nguyễn Du và bình chú các bài thơ hay của hai ông 
653 |a nghiên cứu văn học 
653 |a nhà thơ cổ điển 
653 |a Nguyễn Du 
653 |a Việt Nam 
653 |a Nguyễn Trãi 
700 |a Xuân Diệu 
773 |t Các nhà thơ cổ điển Việt nam  |w 1820 
910 |a Huỳnh Thị Cẩm Lai  |d 18/08/2011 
OWN |a LSP 
AVA |a UDN50  |b LSP  |d 895.9224 XU-D  |e unavailable  |t Error 5002 Not defined in file expand_doc_bib_avail.  |f 1  |g 1  |h N  |i 0  |k 1 
999 |a From the UDN01 
AVA |a UDN50  |b LSP  |d 895.9224 XU-D  |e unavailable  |t Error 5002 Not defined in file expand_doc_bib_avail.  |f 1  |g 1  |h N  |i 0  |k 1 
TYP |a Monograph 
TYP |a Printed language 
980 |a Mạng thư viện Đại học Đà Nẵng